000 00318nam a22001457a 4500
008 221028b ||||| |||| 00| 0 eng d
020 _a2901464135957
041 _aeng
080 _2THIRD EDITION
_a573
082 _a573
100 _a16.1
101 _aBIO
245 _aWHAT IS LIFE
_cPHELAN J
942 _2udc
_cBK
999 _c58685
_d58685